000 00649nam a2200205Ia 4500
003 GCL
008 140319s9999 xx 000 0 ara d
040 _aGCL /
_cGCL
082 0 4 _a843.03
_bا ف
100 1 _aطه فوزى (مترجم)
245 1 0 _aفوق المحيط /
_cطه فوزى (مترجم)
700 1 _aاميتشس، ادموندودى
260 _a[S.N] :
_bمركز كتب الشرق الاوسط ،
_c1966
300 _a316 ص
490 _aالالف كتاب
_v0
650 0 4 _aالادب
650 0 4 _aالادب الفرنسى المترجم
650 0 4 _aالقصص الفرنسية المترجمة
942 _2ddc
_cBK
999 _c55290
_d55290